Daň z pridanej hodnoty v Európskej únii
Nový mechanizmus dane z pridanej hodnoty po vstupe Slovenska do Európskej únie. Prispôsobovanie sa slovenskej legislatívy na vstup do únie. Charakteristika vnútorného trhu EÚ. Nové princípy uplatňované po vstupe do EÚ. Kontrola vnútorného trhu.
Na minha lista:
| Autor principal: | |
|---|---|
| Outros Autores: | |
| Formato: | Capítulo de Livro |
| Idioma: | eslovaco |
| Assuntos: | |
| Tags: |
Sem tags, seja o primeiro a adicionar uma tag!
|
MARC
| LEADER | 00000naa$a2200000$$$4500 | ||
|---|---|---|---|
| 001 | 0023256 | ||
| 005 | 20240502071416.9 | ||
| 041 | 0 | |a slo | |
| 044 | |a SK | ||
| 245 | 1 | 0 | |a Daň z pridanej hodnoty v Európskej únii |c Jana Simonidesová, Viera Zoričáková |
| 520 | |a Nový mechanizmus dane z pridanej hodnoty po vstupe Slovenska do Európskej únie. Prispôsobovanie sa slovenskej legislatívy na vstup do únie. Charakteristika vnútorného trhu EÚ. Nové princípy uplatňované po vstupe do EÚ. Kontrola vnútorného trhu. | ||
| 610 | 2 | 0 | |a trh vnútorný |
| 610 | 2 | 0 | |a Európska únia |
| 610 | 2 | 0 | |a kontrola |
| 610 | 2 | 0 | |a dane z hodnoty pridanej |
| 610 | 2 | 0 | |a legislatíva |
| 610 | 2 | 0 | |a Slovensko |
| 100 | 1 | |a Simonidesová, Jana, 1968- | |
| 700 | 1 | |a Zoričáková, Viera, 1960- | |